000 00807nam a2200301Ia 4500
001 13516
003 IT-RoPAU
008 130308s9999 xx 000 0 und d
040 _aIT-RoPAU
040 _cIT-RoPAU
041 _aFRANCESE
100 _aCiobotaru Sorin
100 _gCodice Aut. SPICS: 10330
245 _aJeux enigmistiques et langages formels
245 _bA Semiotic Landscape/Panorama Semiotique
250 _a1a ed.
260 _aTHE HAGUE
260 _bMouton
260 _c1979 [1° Ed.:1979 - Ed.Ling.Originale:1974]
300 _a"3 p. (prefazione: no ; testo: 3 [pagine: 440-442])"
500 _aGioco Enigmistico e Linguaggi Formali
650 _aSEMIOLOGIA
650 _eCodice materia Spics: 3251
942 _cBK
957 _71
999 _c40845
_d40845
999 _bSI
999 _g1